| 000 | 00892cab a2200265 4500 | ||
|---|---|---|---|
| 001 | ABS59970 | ||
| 008 | 090401t1999 xxu||||| |||| 00| 0 eng d | ||
| 035 | _a(Sirsi) u91164 | ||
| 041 | _aeng | ||
| 100 | _aButler, D. | ||
| 245 | _aPlan for demand | ||
| 260 | _c1999 | ||
| 350 | _a0 | ||
| 490 |
_aHousing Today _v(119) 4 February 1999, 14-15(2) |
||
| 520 | _aLooks at the issue of unpopular social housing, and concludes that such unpopularity is more to do with location than the condition of the house itself. Discusses ways of addressing this problem, for example by looking for new markets and demolishing surplus stock. | ||
| 650 | _aCOUNCIL HOUSING | ||
| 650 | _aDIFFICULT TO LET STOCK | ||
| 650 | _aHOUSING DEMAND | ||
| 650 | _aLOCATION | ||
| 650 | _aSOCIAL HOUSING | ||
| 690 |
_aBlock management _96220 |
||
| 700 | _aSeaton, H. | ||
| 942 | _n0 | ||
| 948 | _c09/02/1999 | ||
| 999 |
_c57849 _d57849 |
||